Productividad, competitividad, e internacionalización de la economía : (Registro nro. 7499)
[ vista simple ]
| 000 -LEADER | |
|---|---|
| fixed length control field | 01489nam a2200253 a 4500 |
| 001 - CONTROL NUMBER | |
| control field | 4971098 |
| 003 - CONTROL NUMBER IDENTIFIER | |
| control field | OSt |
| 005 - DATE AND TIME OF LATEST TRANSACTION | |
| control field | 20210308155405.0 |
| 008 - FIXED-LENGTH DATA ELEMENTS--GENERAL INFORMATION | |
| fixed length control field | 970617s1996 ck a b 100 0 spa |
| 010 ## - LIBRARY OF CONGRESS CONTROL NUMBER | |
| LC control number | 97162522 |
| 040 ## - CATALOGING SOURCE | |
| Original cataloging agency | DLC |
| Transcribing agency | CO-JMCR |
| 043 ## - GEOGRAPHIC AREA CODE | |
| Geographic area code | cl----- |
| 082 04 - DEWEY DECIMAL CLASSIFICATION NUMBER | |
| Classification number | 338.604 / |
| Item number | F727p |
| Edition number | 23 |
| 111 2# - MAIN ENTRY--MEETING NAME | |
| Meeting name or jurisdiction name as entry element | Foro Internacional Productividad, Competitividad e Internacionalización de la Economía (1995 : |
| Location of meeting | Bogotá) |
| 9 (RLIN) | 14577 |
| 245 00 - TITLE STATEMENT | |
| Title | Productividad, competitividad, e internacionalización de la economía : |
| Remainder of title | memoria del Foro Internacional realizado por el Departamento Administrativo Nacional de Estadística y la Consejería Económica y de Competitividad de la Presidencia de la República ... Santafé de Bogotá, septiembre 6 y 7 de 1995. |
| 260 ## - PUBLICATION, DISTRIBUTION, ETC. | |
| Place of publication, distribution, etc. | Bogotá : |
| Name of publisher, distributor, etc. | Cano Giraldo Editores, |
| Date of publication, distribution, etc. | [1996]. |
| 300 ## - PHYSICAL DESCRIPTION | |
| Extent | 582 páginas : |
| Other physical details | ilustraciones a blanco y negro ; |
| Dimensions | 23 cm. |
| 500 ## - GENERAL NOTE | |
| General note | Notas a pie de pagina. |
| 505 0# - FORMATTED CONTENTS NOTE | |
| Formatted contents note | Productividad y competitividad. La experiencia del sudeste asiático -- La competitividad: determinantes e indicadores -- Competitividad y transformación productiva -- La competitividad empresarial -- La competitividad en el sector industrial -- La competitividad en el sector agropecuario -- La competitividad en en sector servicios |
| 650 14 - SUBJECT ADDED ENTRY--TOPICAL TERM | |
| Topical term or geographic name entry element | Producción (teoría económica) |
| General subdivision | congresos |
| 9 (RLIN) | 14578 |
| 650 24 - SUBJECT ADDED ENTRY--TOPICAL TERM | |
| Topical term or geographic name entry element | Competición, Internacional |
| General subdivision | congresos |
| 9 (RLIN) | 14579 |
| 650 24 - SUBJECT ADDED ENTRY--TOPICAL TERM | |
| Topical term or geographic name entry element | Relaciones Económicas Internacionales |
| 9 (RLIN) | 5216 |
| 942 ## - ADDED ENTRY ELEMENTS (KOHA) | |
| Source of classification or shelving scheme | Dewey Decimal Classification |
| Koha item type | Books |
| Withdrawn status | Lost status | Source of classification or shelving scheme | Damaged status | Not for loan | Home library | Current library | Shelving location | Date acquired | Source of acquisition | Total Checkouts | Full call number | Barcode | Date last seen | Copy number | Price effective from | Koha item type |
|---|---|---|---|---|---|---|---|---|---|---|---|---|---|---|---|---|
| Dewey Decimal Classification | Biblioteca Pública José María del Castillo y Rada | Biblioteca Pública José María del Castillo y Rada | General Stacks | Donación | 338.604 / F727p | 201810734 | 05/16/2024 | Ej.1 | Books |